000
00312nam a2200121Ia 4500
008
191201s2008 xx 000 0 und d
100
_a
PREDKO, Myke
245
0
_a
Programming and Customizing the 8051 Microcontroller
260
_a
N. Delhi
_b
TMH
_c
2008
300
_a
541
650
_a
B.Tech(ECE)
942
_2
ddc
_c
BK
999
_c
6359
_d
6359